logo

Bir Sreshtho Munshi Abdur Rouf Library
Jhenaidah Cadet College

Politics and Society in East Pakistan and Bangladesh / (Record no. 7981)

MARC details
000 -LEADER
fixed length control field 00587nam a2200217 a 4500
001 - CONTROL NUMBER
JCCL Control Number 7981
003 - CONTROL NUMBER IDENTIFIER
JCCL marc code BD-JhCC
005 - DATE AND TIME OF LATEST TRANSACTION
control field 20180217105735.0
008 - FIXED-LENGTH DATA ELEMENTS--GENERAL INFORMATION
fixed length control field 180217s1973 b |||| || | 000 0 eng d
035 ## - SYSTEM CONTROL NUMBER
system control number (BD-JhCC)7981
040 ## - CATALOGING SOURCE
Original cataloging agency BD-JhCC
Modifying agency BD-JhCC
041 ## - LANGUAGE CODE
Language code of Book eng
082 ## - DEWEY DECIMAL CLASSIFICATION NUMBER
Classification number 320.9549205
Author mark and Year UMA 1973
100 ## - MAIN ENTRY--PERSONAL NAME
Personal name Umar, Badruddin
245 ## - TITLE STATEMENT
Title Politics and Society in East Pakistan and Bangladesh /
Statement of responsibility, etc Badruddin Umar,
260 ## - PUBLICATION, DISTRIBUTION, ETC. (IMPRINT)
Place of publication, distribution, etc Dacca :
Name of publisher, distributor, etc Mowla Brothers,
300 ## - PHYSICAL DESCRIPTION
Pagination 344 p. :
Dimensions 23 cm.
650 ## - SUBJECT ADDED ENTRY--TOPICAL TERM
Topical term or geographic name as entry element Politics and Government
Geographic subdivision Bangladesh
942 ## - ADDED ENTRY ELEMENTS (KOHA)
Source of classification or shelving scheme Dewey Decimal Classification
Koha item type Books
Holdings
Source of classification or shelving scheme Damaged status Not for loan Home library Current library Shelving location Date of accession Cost, normal purchase price Total Checkouts Full call number Barcode Date last seen Copy number Koha item type
Dewey Decimal Classification     JCC Rouf Library JCC Rouf Library General Stacks 02/17/2018 30.00   320.9549205 UMA 1973 10547 02/17/2018 C-1 Books

JCC Library | Contacts | JCC Home

Last Update on 23 September 2017
Copyright @ 2017-2020 JCC Rouf Library
Rouf Library, Jhenidah Cadet College (JCC), Bangladesh